Systems engineering : (Record no. 591892)

000 -LEADER
fixed length control field 01514nam a22001577a 4500
003 - CONTROL NUMBER IDENTIFIER
control field NUST
020 ## - INTERNATIONAL STANDARD BOOK NUMBER
International Standard Book Number 8131521869
082 ## - DEWEY DECIMAL CLASSIFICATION NUMBER
Classification number 620.0011,KHI
100 ## - MAIN ENTRY--PERSONAL NAME
Personal name Khisty, C. Jotin
9 (RLIN) 44306
245 ## - TITLE STATEMENT
Title Systems engineering :
Remainder of title with Economics, Probability and statistics /
Statement of responsibility, etc. Khisty, C. Jotin
250 ## - EDITION STATEMENT
Edition statement 2nd Edition
260 ## - PUBLICATION, DISTRIBUTION, ETC.
Place of publication, distribution, etc. Cengage Learning
Name of publisher, distributor, etc. New Delhi
Date of publication, distribution, etc. 2012
300 ## - PHYSICAL DESCRIPTION
Extent xix, 599 p
505 ## - FORMATTED CONTENTS NOTE
Formatted contents note Mapping the terrain of the systems approach (Page-1), Problem solving and designing in engineering and planning (Page-15), Basic engineering economics and evaluation (Page-37), Basic microeconomics for engineers and planners (Page-83), Principles of probability: Part I—Review of probability theory (Page-117), Principles of probability: Part II—Random variables and probability distributions (Page-145), Principles of probability: Part III—Joint probability functions and correlated variables (Page-175), Pprinciples of statistics: Part I—estimation of statistical parameters and testing validity of distribution functions (Page-219), Principles of statistics: Part II—hypothesis testing, analysis of variance, regression, and correlation analysis (Page-265),<br/>Basic hard systems engineering: Part-I (Page-325), Basic hard systems engineering: Part-II (Page-395), Systems thinking (Page-461), Systems thinking: case studies (Page-487), Sustainable development, sustainability, engineering and planning (Page-523), Case studies in engineering and planning for sustainability (Page-545),
942 ## - ADDED ENTRY ELEMENTS (KOHA)
Source of classification or shelving scheme
Koha item type Book
Holdings
Withdrawn status Lost status Source of classification or shelving scheme Damaged status Not for loan Permanent Location Current Location Shelving location Date acquired Total Checkouts Full call number Barcode Date last seen Price effective from Koha item type Public note
          Military College of Signals (MCS) Military College of Signals (MCS) General Stacks 10/18/2022   620.0011,KHI MCS37724 10/18/2022 10/18/2022 Book Almirah No.26, Shelf No.5
© 2023 Central Library, National University of Sciences and Technology. All Rights Reserved.